00362nam a2200097Ia 4500008004100000041000800041100002800049245013100077260003700208999001900245241105s9999 xx 000 0 und d aeng aGolwala Yashita9182491 aEvaluating Role OF Insulation Materials In Building Thermal Performance As Against Traditional Building Construction Materials bM.Arch Environmental, Punec2013 c360780d360780